• 首页
  • 本馆介绍
  • 公告通知
  • 最新文献
  • 馆藏检索
  • 电子资源
  • 读者导购
  • 参考咨询
  • 我的图书馆
  • 登录
  • 详细信息显示
  • 放入我的书架
  • 预约/预借图书
  • 作者相关作品
  • 分类相关作品
  • 丛书相关作品
  • 出版社相关作品

书目信息

  • 表格格式
  • 工作单格式
  • 卡片格式
题名:
企业研究方法
    
 
作者: 赛卡雷恩 , 鲍吉 著 ;蓝波涛 , 张乐群 译
分册:  
出版信息: 北京   清华大学出版社  2013
页数: 11,330页
开本: 26cm
丛书名: 工商管理优秀教材译丛
单 册:
中图分类: F272.5
科图分类:
主题词: 企业管理--研究方法--教材 , 企业管理
电子资源:
ISBN: 978-7-302-33540-5
000 01455oam2 2200325 450
001 523
005 20140909091632.15
010    @a978-7-302-33540-5@dCNY45.00
100    @a20131226d2013 em y0chiy50 ea
101 1  @achi@ceng
102    @aCN@b110000
105    @ay z 000yy
106    @ar
200 1  @a企业研究方法@AQi Ye Yan Jiu Fang Fa@dResearch methods for business@ea skill building approach@f(美)乌玛·塞克拉 (Uma Sekaran),(美)罗杰·鲍吉 (Roger Bougie)著@F( Mei ) Wu Ma· Sai Ke La (Uma Sekaran),( Mei ) Luo Jie· Bao Ji (Roger Bougie) Zhu@g蓝波涛,张乐群译@zeng
210    @a北京@c清华大学出版社@d2013
215    @a11,330页@d26cm
225 2  @a工商管理优秀教材译丛@i管理学系列
305    @a由John Wiley & Sons, Inc.授权出版 据原书第5版译出
330    @a本书内容包括:研究概论;科研调研;研究流程——宽泛的问题领域与定义问题陈述、理论框架和提出假设、研究设计的要素;变量的测度:操作化定义;资料搜集方法;实验设计;抽样;定量数据分析;研究报告等。
461  0 @12001 @a工商管理优秀教材译丛
510 1  @aResearch methods for business@ea skill building approach@zeng
606 0  @a企业管理@x研究方法@j教材
606 0  @a企业管理
690    @aF272.5@v5
701  0 @c(美)@a赛卡雷恩@ASai Ka Lei En@c(女,Sekaran, Uma)@4著
701  0 @c(美)@a鲍吉@ABao Ji@c(Bougie, Roger)@4著
702  0 @a蓝波涛@ALan Bo Tao@4译
702  0 @a张乐群@AZhang Le Qun@4译
801  0 @aCN@bTANGWEI@c20140603
905    @b0841925-27@dF272.5@e1022@f3
    
    企业研究方法=Research methods for business:a skill building approach/(美)乌玛·塞克拉 (Uma Sekaran),(美)罗杰·鲍吉 (Roger Bougie)著/蓝波涛,张乐群译.-北京:清华大学出版社,2013
    11,330页;26cm.-(工商管理优秀教材译丛.管理学系列)
    
    
    ISBN 978-7-302-33540-5:CNY45.00
    本书内容包括:研究概论;科研调研;研究流程——宽泛的问题领域与定义问题陈述、理论框架和提出假设、研究设计的要素;变量的测度:操作化定义;资料搜集方法;实验设计;抽样;定量数据分析;研究报告等。
●
相关链接 在E读中查询图书 在五车中查询图书 在当当中查询图书 在豆瓣中查询图书


正题名:企业研究方法     索取号:F272.5/1022         预约/预借

序号 登录号 条形码 馆藏地/架位号 状态 备注
1 0841925   208419255   第一样本阅览室/ [索取号:F272.5/1022] 在馆    
2 0841926   208419264   密集书库-海洋学院/ [索取号:F272.5/1022] 在馆    
3 0841927   208419273   第一借阅区/ [索取号:F272.5/1022] 在馆    
唐山师范学院图书馆 欢迎您!
大连网信软件有限公司© 版权所有